000 00332nam a22001457a 4500
008 210310b ||||| |||| 00| 0 eng d
020 _a9780135096314
041 _aeng
080 _27th
_a004
082 _27th
_a004
100 _a35
101 _aSHKI
245 _aIntroductory Technology in Action
_cEvans,A
942 _2udc
_cBK
999 _c56134
_d56134